000 00880nam a2200265Ia 4500
001 21933
005 20260320113326.0
008 260320s9999||||xx |||||||||||||| ||und||
020 _a9786124297984
041 _aESP
082 _a352.283
_bP45
100 _aPérez Brañez, Jair,
_eAUT
245 2 _aA la sombra de Lima :
_bcentralismo y políticas culturales en el Perú
246 _a
_5
_b
250 _aPrimera edición
260 _aLima :
_bUniversidad Nacional Mayor de San Marcos. Fondo Editorial,
_c2024
300 _a187 páginas :
_btablas ;
_c24 cm.
_e
440 _a
_n
_v
650 _aCIS
653 _aCentralismo y desentralización; Gestión pública; Política cultural
654 _aCAN
700 _a
_c
856 _uhttps://0u20jm1cc-y-https-www-jstor-org.itmsp.museknowledge.com/
_zVéase además: Base de datos JSTOR
942 _cLIB
_dJUS
_fMAT
_2ddc
_n
999 _c21933
_d21933